Poeti siciliani del Novecento /

Bibliographic Details
Main Author: Tedesco, Natale
Format: Book
Language:Italian
Published: Palermo : Flaccovio, [1995]
Series:Siciliana (S.F. Flaccovio editore) ; 6.
Subjects:

MARC

Tag First Indicator Second Indicator Subfields
LEADER 00000cam a2200000 a 4500
001 in00001250621
005 20151003074439.0
008 960214s1995 it b 000 0 ita d
020 |a 8878041165 
035 |a (OCoLC)34185414 
035 |9 AGU0731AM 
040 |a YSM  |c YSM  |d ItFiC  |d TXA  |d UtOrBLW 
043 |a e-it--- 
045 |a x0x4  |a x4x- 
049 |a TXAM 
090 |a PQ5902.S52  |b T42 1995 
100 1 |a Tedesco, Natale. 
245 1 0 |a Poeti siciliani del Novecento /  |c Natale Tedesco. 
264 1 |a Palermo :  |b Flaccovio,  |c [1995] 
264 4 |c ©1995 
300 |a 213 pages ;  |c 22 cm. 
336 |a text  |b txt  |2 rdacontent 
337 |a unmediated  |b n  |2 rdamedia 
338 |a volume  |b nc  |2 rdacarrier 
490 1 |a Siciliana ;  |v 6 
500 |a Includes an anthology of contemporary Sicilian poetry (pages 107-210). 
504 |a Includes bibliographical references. 
650 0 |a Italian poetry  |z Italy  |z Sicily  |x History and criticism. 
650 0 |a Italian poetry  |z Italy  |z Sicily. 
830 0 |a Siciliana (S.F. Flaccovio editore) ;  |v 6. 
999 |a MARS 
999 f f |s fc643b18-5c37-39f9-95f1-4d457f3cbd5c  |i 49360a1a-2e82-3855-843b-7a5451815437  |t 0 
952 f f |p ric  |a Texas A&M University  |b Rellis Campus  |c Joint Library Facility  |d Remote Storage  |t 0  |e PQ5902.S52 T42 1995  |h Library of Congress classification  |i unmediated -- volume  |m A14820032414 
998 f f |a PQ5902.S52 T42 1995  |t 0  |l Remote Storage